000 00566nmm a2200169Ia 4500
008 251105s9999||||xx |||||||||||||||||und||
020 _a9789502326085
041 _aspa
100 _aBotto, Mercedes
245 0 _aLa integración regional en América Latina: Quo Vadis? :
_b El Mercosur desde una perspectiva sectorial y comparada
264 _a[Buenos Aires, Argentina] :
_bEudeba,
_c2016
300 _a192 páginas
490 _aTemas - Sociales
650 _aEconomics and Business
856 _uhttps://public.digitaliapublishing.com/a/128338
942 _cCF
999 _c93305
_d93305